| 000 | 00651nam a2200205 a 4500 | ||
|---|---|---|---|
| 003 | PILC | ||
| 005 | 20150112093444.0 | ||
| 008 | 100726s19uu xx 00 eng d | ||
| 050 |
_aHB 171.5 _b.Q6 2001 |
||
| 082 |
_aSFf 330 _bQ4 2001 |
||
| 100 |
_aQuijano, Jodylyn M. _921473 |
||
| 245 |
_aBasic economics : _bwith taxation and agrarian reform / _cJodylyn M. Quijano and Jovie F. Bonifacio |
||
| 260 |
_aManila, Philippines : _bKriss V Printhaus, _c2001. |
||
| 300 |
_a213 pages : _c22 cm. |
||
| 650 |
_aEconomics _97586 |
||
| 650 |
_aTaxation _99743 |
||
| 650 |
_aAgrarian reform _921474 |
||
| 700 |
_aBonifacio, Jovie F. _921475 |
||
| 942 |
_2lcc _cBK |
||
| 999 |
_c14848 _d14848 |
||